The DecisionTools and StatTools suite : CD / (Record no. 9649)
[ view plain ]
| 000 -LEADER | |
|---|---|
| fixed length control field | 01048nac a22001811u 4500 |
| 008 - FIXED-LENGTH DATA ELEMENTS--GENERAL INFORMATION | |
| fixed length control field | 100509t xxu||||| |||| 00| 0 eng d |
| 082 0# - DEWEY DECIMAL CLASSIFICATION NUMBER | |
| Classification number | 658.403 |
| Item number | DEC |
| Edition number | 22 |
| 100 ## - MAIN ENTRY--PERSONAL NAME | |
| Personal name | 20080729 |
| 9 (RLIN) | 13849 |
| 245 04 - TITLE STATEMENT | |
| Title | The DecisionTools and StatTools suite : CD / |
| 250 ## - EDITION STATEMENT | |
| Edition statement | Student ed. |
| 260 ## - PUBLICATION, DISTRIBUTION, ETC. (IMPRINT) | |
| Place of publication, distribution, etc | Newfield, NY : |
| Name of publisher, distributor, etc | Palisade,2005. |
| Date of publication, distribution, etc | 2005. |
| 300 ## - PHYSICAL DESCRIPTION | |
| Extent | 1 CD-ROM : |
| Other physical details | sd., col. ; |
| Dimensions | 4 3/4 in.+ |
| Accompanying material | 1 booklet (11 p.). |
| 505 2# - FORMATTED CONTENTS NOTE | |
| Formatted contents note | StatTools -- |
| -- | Risk -- BestFit -- PrecisionTree -- RISKview -- TopRank -- RISKOptimizer -- Tutorials and documentation. |
| 538 ## - SYSTEM DETAILS NOTE | |
| System details note | System requirements: at least 100MB hard disk space ; minimum 32MB of RAM, 64MB or more is preferred ; Windows 95, Windows 98, or Windows NT 4.0 or higher (DecisionTools Suite will not run on OS/2, Macintosh, or Unix platforms) ; Microsoft Excel version 97 (8.0) or higher ; Internet Explorer 4.0 or later ; version 4.0 or higher of Adobe Acrobat Reader. |
| 650 #0 - SUBJECT ADDED ENTRY--TOPICAL TERM | |
| Topical term or geographic name as entry element | Decision making |
| Form subdivision | Software. |
| 9 (RLIN) | 13850 |
| 650 #0 - SUBJECT ADDED ENTRY--TOPICAL TERM | |
| Topical term or geographic name as entry element | Decision support systems. |
| 9 (RLIN) | 4283 |
| 942 ## - ADDED ENTRY ELEMENTS (KOHA) | |
| Item type | |
| Call number prefix | 658.403DEC |
| Source of classification or shelving scheme | Dewey Decimal Classification |
| Withdrawn status | Lost status | Source of classification or shelving scheme | Damaged status | Not for loan | Home library | Current library | Shelving location | Date acquired | Source of acquisition | Total Checkouts | Full call number | Barcode | Date last seen | Koha item type |
|---|---|---|---|---|---|---|---|---|---|---|---|---|---|---|
| Dewey Decimal Classification | Central Library | Central Library | First floor | 26/05/2008 | Purchase | 658.403DEC | 000011542 | 04/12/2023 | CD | DVD - (NB) |